000 00266nam a2200109Ia 4500
999 _c7773
_d7773
020 _a978-8183330084
100 _aIvan Bayross
245 0 _aWeb Enabled Commercial Applications Development
260 _aNew Delhi
_bPrentice Hall
_c2000
300 _a975
942 _cBK